000 00808nas a2200277 4500
001 BR0304244
003 BR-BrBNA
005 20231205104012.0
007 ta
008 230509b bl.|||p| |||| 00| 00por d
040 _aBR-BrBNA
_bpor
_cBiblioteca Nacional de Agricultura
041 _a(Pt)
072 _aF62; P40
100 1 _aSchöffel, E.R.
100 1 _aVolpe, C.A.
245 1 _aRelação entre a soma térmica efetiva e o crescimento da soja
650 _aSOJA
650 _aVARIEDADE
650 _aÁREA FOLIAR
650 _aSEMEADURA
650 _aCRESCIMENTO
650 _aPRODUTIVIDADE
773 0 _tRevista Brasileira de Agrometeorologia (Brazil)
_xISSN 0104-1347
_g(Jan-Jun 2002), v. 10(1) p. 89-96
_wBR0304244
909 _a202311
_bLúcia
_c55
_dLúcia Elande
942 _2AGRIS
_n0
_cANA
999 _c175890
_d175890